000 00420nam a2200193Ia 4500
005 20240823040725.0
008 240823s9999||||xx |||||||||||||| ||und||
020 _a978-81-8357-183-8
041 _aENGLISH
082 _A823
100 _aSen S.
245 0 _aJude the Obscure
250 _a1st
260 _c1994
_bUnique Publica
500 _aYES
650 _aStory
_bEnglish
942 _cBK
999 _c203802
_d203802